|
|
|
|
| LEADER |
01418nam a2200361 a 4500 |
| 001 |
EBC408771 |
| 003 |
MiAaPQ |
| 005 |
20200520144314.0 |
| 006 |
m o d | |
| 007 |
cr cn||||||||| |
| 008 |
080313s2008 nyua s 001 0 eng |
| 010 |
|
|
|z 2008011895
|
| 020 |
|
|
|z 9780814409886 (hardcover)
|
| 020 |
|
|
|z 0814409881 (hardcover)
|
| 035 |
|
|
|a (MiAaPQ)EBC408771
|
| 035 |
|
|
|a (Au-PeEL)EBL408771
|
| 035 |
|
|
|a (CaPaEBR)ebr10271792
|
| 035 |
|
|
|a (CaONFJC)MIL210231
|
| 035 |
|
|
|a (OCoLC)275130705
|
| 040 |
|
|
|a MiAaPQ
|c MiAaPQ
|d MiAaPQ
|
| 050 |
|
4 |
|a HD69.P75
|b M6743 2008
|
| 082 |
0 |
4 |
|a 658.4/04
|2 22
|
| 100 |
1 |
|
|a Morris, Rick A.,
|d 1972-
|
| 245 |
1 |
0 |
|a Project management that works
|h [electronic resource] :
|b real-world advice on communicating, problem solving, and everything else you need to know to get the job done /
|c Rick A. Morris with Brette McWhorter Sember.
|
| 260 |
|
|
|a New York :
|b American Management Association,
|c c2008.
|
| 300 |
|
|
|a xx, 219 p. :
|b ill.
|
| 500 |
|
|
|a Includes index.
|
| 533 |
|
|
|a Electronic reproduction. Ann Arbor, MI : ProQuest, 2015. Available via World Wide Web. Access may be limited to ProQuest affiliated libraries.
|
| 650 |
|
0 |
|a Project management.
|
| 655 |
|
4 |
|a Electronic books.
|
| 700 |
1 |
|
|a Sember, Brette McWhorter,
|d 1968-
|
| 710 |
2 |
|
|a ProQuest (Firm)
|
| 856 |
4 |
0 |
|u https://ebookcentral.proquest.com/lib/matrademy/detail.action?docID=408771
|z Click to View
|